<?xml version="1.0" encoding="UTF-8"?>
<record
    xmlns:xsi="http://www.w3.org/2001/XMLSchema-instance"
    xsi:schemaLocation="http://www.loc.gov/MARC21/slim http://www.loc.gov/standards/marcxml/schema/MARC21slim.xsd"
    xmlns="http://www.loc.gov/MARC21/slim">

  <leader>00496    a2200133   4500</leader>
  <controlfield tag="005">20250624054706.0</controlfield>
  <datafield tag="020" ind1=" " ind2=" ">
    <subfield code="a">9789987091515</subfield>
  </datafield>
  <datafield tag="082" ind1=" " ind2=" ">
    <subfield code="a">338.910 MWA</subfield>
  </datafield>
  <datafield tag="100" ind1=" " ind2=" ">
    <subfield code="a">MWAKAJINGA, L. K.</subfield>
  </datafield>
  <datafield tag="245" ind1=" " ind2=" ">
    <subfield code="a">Development Studies for College and University: Achieving Growth through Constant  Implementation of New Professional Life Standards, Techniques and innovative ideas</subfield>
  </datafield>
  <datafield tag="260" ind1=" " ind2=" ">
    <subfield code="a">Dar es Salaam,</subfield>
    <subfield code="b">Nyambari Nyangwine Publishers</subfield>
    <subfield code="c">2013.</subfield>
  </datafield>
  <datafield tag="300" ind1=" " ind2=" ">
    <subfield code="a">xix,235p.; </subfield>
    <subfield code="b">References</subfield>
    <subfield code="c">23cm</subfield>
  </datafield>
  <datafield tag="942" ind1=" " ind2=" ">
    <subfield code="2">ddc</subfield>
    <subfield code="c">BKS</subfield>
  </datafield>
  <datafield tag="999" ind1=" " ind2=" ">
    <subfield code="c">4335</subfield>
    <subfield code="d">4335</subfield>
  </datafield>
  <datafield tag="952" ind1=" " ind2=" ">
    <subfield code="r">2025-06-19 05:38:51</subfield>
    <subfield code="l">0</subfield>
    <subfield code="o">338.910 MWA</subfield>
    <subfield code="p">DOM000134</subfield>
    <subfield code="v">150000.00</subfield>
    <subfield code="w">2025-06-19</subfield>
    <subfield code="y">BKS</subfield>
    <subfield code="1">0</subfield>
    <subfield code="2">ddc</subfield>
    <subfield code="4">0</subfield>
    <subfield code="7">0</subfield>
    <subfield code="0">0</subfield>
    <subfield code="a">004</subfield>
    <subfield code="b">004</subfield>
    <subfield code="c">SPECIAL</subfield>
    <subfield code="d">2021-11-29</subfield>
    <subfield code="g">50000.00</subfield>
  </datafield>
  <datafield tag="952" ind1=" " ind2=" ">
    <subfield code="r">2025-06-19 05:39:20</subfield>
    <subfield code="l">0</subfield>
    <subfield code="o">338.910 MWA</subfield>
    <subfield code="p">DOM000139</subfield>
    <subfield code="v">150000.00</subfield>
    <subfield code="w">2025-06-19</subfield>
    <subfield code="y">BKS</subfield>
    <subfield code="1">0</subfield>
    <subfield code="2">ddc</subfield>
    <subfield code="4">0</subfield>
    <subfield code="7">0</subfield>
    <subfield code="0">0</subfield>
    <subfield code="a">004</subfield>
    <subfield code="b">004</subfield>
    <subfield code="c">SPECIAL</subfield>
    <subfield code="d">2021-11-29</subfield>
    <subfield code="g">50000.00</subfield>
  </datafield>
  <datafield tag="952" ind1=" " ind2=" ">
    <subfield code="r">2025-06-19 05:39:40</subfield>
    <subfield code="l">0</subfield>
    <subfield code="o">338.910 MWA</subfield>
    <subfield code="p">DOM000137</subfield>
    <subfield code="v">150000.00</subfield>
    <subfield code="w">2025-06-19</subfield>
    <subfield code="y">BKS</subfield>
    <subfield code="1">0</subfield>
    <subfield code="2">ddc</subfield>
    <subfield code="4">0</subfield>
    <subfield code="7">0</subfield>
    <subfield code="0">0</subfield>
    <subfield code="a">004</subfield>
    <subfield code="b">004</subfield>
    <subfield code="c">SPECIAL</subfield>
    <subfield code="d">2021-11-29</subfield>
    <subfield code="g">50000.00</subfield>
  </datafield>
  <datafield tag="952" ind1=" " ind2=" ">
    <subfield code="r">2025-06-19 05:40:01</subfield>
    <subfield code="l">0</subfield>
    <subfield code="o">338.910 MWA</subfield>
    <subfield code="p">DOM000136</subfield>
    <subfield code="v">150000.00</subfield>
    <subfield code="w">2025-06-19</subfield>
    <subfield code="y">BKS</subfield>
    <subfield code="1">0</subfield>
    <subfield code="2">ddc</subfield>
    <subfield code="4">0</subfield>
    <subfield code="7">0</subfield>
    <subfield code="0">0</subfield>
    <subfield code="a">004</subfield>
    <subfield code="b">004</subfield>
    <subfield code="c">SPECIAL</subfield>
    <subfield code="d">2021-11-29</subfield>
    <subfield code="g">50000.00</subfield>
  </datafield>
  <datafield tag="952" ind1=" " ind2=" ">
    <subfield code="r">2025-06-19 05:40:21</subfield>
    <subfield code="l">0</subfield>
    <subfield code="o">338.910 MWA</subfield>
    <subfield code="p">DOM000135</subfield>
    <subfield code="v">150000.00</subfield>
    <subfield code="w">2025-06-19</subfield>
    <subfield code="y">BKS</subfield>
    <subfield code="1">0</subfield>
    <subfield code="2">ddc</subfield>
    <subfield code="4">0</subfield>
    <subfield code="7">0</subfield>
    <subfield code="0">0</subfield>
    <subfield code="a">004</subfield>
    <subfield code="b">004</subfield>
    <subfield code="c">SPECIAL</subfield>
    <subfield code="d">2021-11-29</subfield>
    <subfield code="g">50000.00</subfield>
  </datafield>
  <datafield tag="952" ind1=" " ind2=" ">
    <subfield code="r">2025-06-19 05:40:44</subfield>
    <subfield code="l">0</subfield>
    <subfield code="o">338.910 MWA</subfield>
    <subfield code="p">DOM000142</subfield>
    <subfield code="v">150000.00</subfield>
    <subfield code="w">2025-06-19</subfield>
    <subfield code="y">BKS</subfield>
    <subfield code="1">0</subfield>
    <subfield code="2">ddc</subfield>
    <subfield code="4">0</subfield>
    <subfield code="7">0</subfield>
    <subfield code="0">0</subfield>
    <subfield code="a">004</subfield>
    <subfield code="b">004</subfield>
    <subfield code="c">SPECIAL</subfield>
    <subfield code="d">2021-11-29</subfield>
    <subfield code="g">50000.00</subfield>
  </datafield>
  <datafield tag="952" ind1=" " ind2=" ">
    <subfield code="r">2025-06-19 05:41:59</subfield>
    <subfield code="l">0</subfield>
    <subfield code="o">338.910 MWA</subfield>
    <subfield code="p">DOM000140</subfield>
    <subfield code="v">150000.00</subfield>
    <subfield code="w">2025-06-19</subfield>
    <subfield code="y">BKS</subfield>
    <subfield code="1">0</subfield>
    <subfield code="2">ddc</subfield>
    <subfield code="4">0</subfield>
    <subfield code="7">0</subfield>
    <subfield code="0">0</subfield>
    <subfield code="a">004</subfield>
    <subfield code="b">004</subfield>
    <subfield code="c">SPECIAL</subfield>
    <subfield code="d">2021-11-29</subfield>
    <subfield code="g">50000.00</subfield>
  </datafield>
  <datafield tag="952" ind1=" " ind2=" ">
    <subfield code="r">2025-06-19 05:42:54</subfield>
    <subfield code="l">0</subfield>
    <subfield code="o">338.910 MWA</subfield>
    <subfield code="p">DOM000138</subfield>
    <subfield code="v">150000.00</subfield>
    <subfield code="w">2025-06-19</subfield>
    <subfield code="y">BKS</subfield>
    <subfield code="1">0</subfield>
    <subfield code="2">ddc</subfield>
    <subfield code="4">0</subfield>
    <subfield code="7">0</subfield>
    <subfield code="0">0</subfield>
    <subfield code="a">004</subfield>
    <subfield code="b">004</subfield>
    <subfield code="c">SPECIAL</subfield>
    <subfield code="d">2021-11-29</subfield>
    <subfield code="g">50000.00</subfield>
  </datafield>
  <datafield tag="952" ind1=" " ind2=" ">
    <subfield code="r">2025-06-19 05:43:19</subfield>
    <subfield code="l">0</subfield>
    <subfield code="o">338.910 MWA</subfield>
    <subfield code="p">DOM000143</subfield>
    <subfield code="v">150000.00</subfield>
    <subfield code="w">2025-06-19</subfield>
    <subfield code="y">BKS</subfield>
    <subfield code="1">0</subfield>
    <subfield code="2">ddc</subfield>
    <subfield code="4">0</subfield>
    <subfield code="7">0</subfield>
    <subfield code="0">0</subfield>
    <subfield code="a">004</subfield>
    <subfield code="b">004</subfield>
    <subfield code="c">SPECIAL</subfield>
    <subfield code="d">2021-11-29</subfield>
    <subfield code="g">50000.00</subfield>
  </datafield>
</record>
